UM Logo

Student's satisfaction on the services of the University of Mindanao Digos College school canteen (Record no. 2701)

MARC details
000 -LEADER
fixed length control field 00676nam a22001577a 4500
008 - FIXED-LENGTH DATA ELEMENTS--GENERAL INFORMATION
fixed length control field 160525b xxu||||| |||| 00| 0 eng d
082 ## - DEWEY DECIMAL CLASSIFICATION NUMBER
Edition number 2010
Classification number UT 0209
Item number T59
100 ## - MAIN ENTRY--PERSONAL NAME
9 (RLIN) 8916
Personal name Tomakin, Juvy Love R.
245 ## - TITLE STATEMENT
Title Student's satisfaction on the services of the University of Mindanao Digos College school canteen
Statement of responsibility, etc. Juvy Love R. Tomakin, Aries Paul L. Ramada and Dinah Fe P. Apitan.
260 ## - PUBLICATION, DISTRIBUTION, ETC. (IMPRINT)
Place of publication, distribution, etc. Digos City:
Name of publisher, distributor, etc. UMDC
Date of publication, distribution, etc. March 2010.
300 ## - PHYSICAL DESCRIPTION
Extent 47 pages;
Dimensions 28 cm.
650 #0 - SUBJECT ADDED ENTRY--TOPICAL TERM
9 (RLIN) 8915
Topical term or geographic name as entry element Business Administration
Form subdivision Human Resource Management
-- Financial Management
General subdivision Undergraduate thesis.
700 ## - ADDED ENTRY--PERSONAL NAME
9 (RLIN) 8913
Personal name Ramada, Aries Paul L.
700 ## - ADDED ENTRY--PERSONAL NAME
9 (RLIN) 8914
Personal name Apitan, Dinah Fe P.
942 ## - ADDED ENTRY ELEMENTS (KOHA)
Source of classification or shelving scheme Dewey Decimal Classification
Koha item type Undergraduate Thesis
Holdings
Withdrawn status Lost status Source of classification or shelving scheme Damaged status Not for loan Collection code Home library Current library Date acquired Total Checkouts Full call number Barcode Date last seen Price effective from Koha item type
    Dewey Decimal Classification     Undergraduate Theses UM Digos College - LIC UM Digos College - LIC 05/25/2016   UT 0209 T59 2010 UT0209 05/25/2016 05/25/2016 Undergraduate Thesis